दरख़्तों के लम्बे होते साये / (Record no. 41633)
[ view plain ]
| 000 -LEADER | |
|---|---|
| fixed length control field | 01138nam a22002657a 4500 |
| 005 - DATE AND TIME OF LATEST TRANSACTION | |
| control field | 20100813141824.0 |
| 010 ## - LCCN (DPL NO) | |
| LC control number | HIN-90136 |
| 020 ## - INTERNATIONAL STANDARD BOOK NUMBER | |
| International Standard Book Number | 818072056X |
| Terms of availability | 175.00 |
| 035 ## - SYSTEM CONTROL NUMBER | |
| System control number | HN-62482 |
| 037 ## - SOURCE OF ACQUISITION | |
| Source of stock number/acquisition | DBAD / PUB |
| 082 ## - DEWEY DECIMAL CLASSIFICATION NUMBER | |
| Classification number | 821 |
| 100 ## - MAIN ENTRY--PERSONAL NAME | |
| Personal name | देवदास 'बिस्मिल' |
| 245 ## - TITLE STATEMENT | |
| Title | दरख़्तों के लम्बे होते साये / |
| Statement of responsibility, etc | देवदास 'बिस्मिल' |
| 246 ## - VARYING FORM OF TITLE | |
| Title proper/short title | Darakhton Ke Lambe Hote Saye |
| Remainder of title | by Devdas 'Bismil' |
| 260 ## - PUBLICATION, DISTRIBUTION, ETC. (IMPRINT) | |
| Place of publication, distribution, etc | नई दिल्ली |
| Name of publisher, distributor, etc | बाल सभा प्रकाशन |
| Date of publication, distribution, etc | 2009 |
| 270 ## - ADDRESS | |
| Address | भूलभुल्लैयाँ रोड़, महरौली |
| City | नई दिल्ली |
| Postal code | 110030 |
| Telephone number | 011-26643982 |
| 300 ## - PHYSICAL DESCRIPTION | |
| Extent | 150पृ |
| Dimensions | 22सेमी (सजिल्द) |
| 650 ## - SUBJECT ADDED ENTRY--TOPICAL TERM | |
| Topical term following geographic name as entry element | हिन्दी कविता |
| 650 ## - SUBJECT ADDED ENTRY--TOPICAL TERM | |
| Topical term following geographic name as entry element | Hindi Poetry |
| 700 ## - ADDED ENTRY--PERSONAL NAME | |
| 9 (RLIN) | 7228 |
| 700 ## - ADDED ENTRY--PERSONAL NAME | |
| 9 (RLIN) | 7267 |
| 700 ## - ADDED ENTRY--PERSONAL NAME | |
| 9 (RLIN) | 7698 |
| 942 ## - ADDED ENTRY ELEMENTS (KOHA) | |
| Institution code [OBSOLETE] | dpl |
| Item type | Hindi Books |
| Call number prefix | |
| Source of classification or shelving scheme | Dewey Decimal Classification |
| Call number suffix | देवदा |
| Classification part | 821 |
| Withdrawn status | Lost status | Not for loan | Collection code | Home library | Current library | Date acquired | Source of acquisition | Cost, normal purchase price | Full call number | Barcode | Copy number | Cost, replacement price | Koha item type |
|---|---|---|---|---|---|---|---|---|---|---|---|---|---|
| Not For Loan | Non-fiction | D.B.Act.Division | D.B.Act.Division | 13/08/2010 | DBAD / PUB | 175.00 | 821 देवदा | HN-62482 | 1 | 175.00 | Hindi Books |
